| 000 | 05213cam a22018014i 4500 | ||
|---|---|---|---|
| 003 | PE-LiUPU | ||
| 005 | 20250813165449.0 | ||
| 008 | 170710s2016 sp a rb 000 0 spa d | ||
| 020 | _a8491160515 | ||
| 020 | _a9788491160519 | ||
| 035 | _a(Sirsi) a237897 | ||
| 040 |
_aPE-LiUPU _bspa _cPE-LiUPU _dPE-LiUPU _erda |
||
| 049 | _aPRUA | ||
| 082 | 0 | 4 |
_a659.2 _bC3 _223 |
| 245 | 0 | 0 |
_aCasos de estudio de relaciones públicas : _bespacios de diálogo e impacto mediático / _cKathy Matilla, coordinadora [y otros más coord.]. |
| 264 | 1 |
_aBarcelona : _bEditorial UOC, _c2016. |
|
| 300 |
_a388 páginas : _bilustraciones ; _c24 centímetros. |
||
| 336 |
_atext _2rdacontent |
||
| 337 |
_aunmediated _2rdamedia |
||
| 338 |
_avolume _2rdacarrier |
||
| 490 | 0 |
_aDircom colección ; _v4 |
|
| 504 | _aBibliografía al final de cada capítulo | ||
| 505 | 0 | _aLas empresas gallegas más contaminantes y su gestión de la comunicación de crisis -- Análisis comparativo de las distintas estrategias de relaciones públicas de la refinerías de repsol en España -- La importancia de la identidad corporativa en el diálogo con los públicos en el sector cultural: el caso de los museos especializados -- La excelencia conductual en las relaciones con los medios de comunicación social: la comunicación de la guardia civil de alicante como ejemplo de eficacia -- La (in) comunicación en línea de las agencias de seguridad alimentaria Europeas ¿cómo se relaciona con los consumidores? -- ¿Son 2.0 las salas de prensa virtuales de las empresas del ibex 35? un análisis desde la perspectiva de las relaciones públicas -- Organizaciones privadas bajo vigilancia de los públicos: mecanismos de observación civil y cambios en las condiciones de publicidad -- Los medios en los programas de relaciones públicas orientados a la prevención de drogodependencias -- Tratamiento informativo de la muerte de Emilio Botín e Isidoro Álvares en la prensa española: diarios el país, el mundo y ABC -- Las crisis de comunicación en las instituciones públicas. El ayuntamiento de Madrid y los mensajes de la empresa. | |
| 526 | _aP203 | ||
| 526 | _aP200 | ||
| 526 | _aSEG65 | ||
| 526 | _aSEG64 | ||
| 526 | _aSEG63 | ||
| 526 | _aSEG62 | ||
| 526 | _aSEG61 | ||
| 526 | _aSEG60 | ||
| 526 | _aSEG59 | ||
| 526 | _aSEG58 | ||
| 526 | _aSEG57 | ||
| 526 | _aSEG56 | ||
| 526 | _aSEG55 | ||
| 526 | _aSEG54 | ||
| 526 | _aSEG53 | ||
| 526 | _aSEG52 | ||
| 526 | _aSEG51 | ||
| 526 | _aSEG50 | ||
| 526 | _aSEG49 | ||
| 526 | _aSEG48 | ||
| 526 | _aSEG47 | ||
| 526 | _aSEG46 | ||
| 526 | _aSEG24 | ||
| 526 | _aSEG23 | ||
| 526 | _aSEG22 | ||
| 526 | _aSEG21 | ||
| 526 | _aSEG20 | ||
| 526 | _aSEG19 | ||
| 526 | _aSEG18 | ||
| 526 | _aSEG17 | ||
| 526 | _aSEG16 | ||
| 526 | _aSEG14 | ||
| 526 | _aSEG13 | ||
| 526 | _aSEG12 | ||
| 526 | _aSEG11 | ||
| 526 | _aSEG10 | ||
| 526 | _aSEG09 | ||
| 526 | _aSEG06 | ||
| 526 | _aSEG05 | ||
| 526 | _aSEG04 | ||
| 526 | _aSEG03 | ||
| 526 | _aSEG02 | ||
| 526 | _aSEG68 | ||
| 526 | _aSEG66 | ||
| 526 | _aSEG45 | ||
| 526 | _aSEG25 | ||
| 526 | _aSEG01 | ||
| 526 | _aP163 | ||
| 526 | _aP162 | ||
| 526 | _aP161 | ||
| 526 | _aP160 | ||
| 526 | _aP159 | ||
| 526 | _aP158 | ||
| 526 | _aP157 | ||
| 526 | _aP156 | ||
| 526 | _aP155 | ||
| 526 | _aP154 | ||
| 526 | _aP153 | ||
| 526 | _aP152 | ||
| 526 | _aP151 | ||
| 526 | _aP150 | ||
| 526 | _aP149 | ||
| 526 | _aP142 | ||
| 526 | _aP141 | ||
| 526 | _aP140 | ||
| 526 | _aP139 | ||
| 526 | _aP138 | ||
| 526 | _aP137 | ||
| 526 | _aP132 | ||
| 526 | _aP131 | ||
| 526 | _aP130 | ||
| 526 | _aP126 | ||
| 526 | _aP125 | ||
| 526 | _aP124 | ||
| 526 | _aP123 | ||
| 526 | _aP115 | ||
| 526 | _aP122 | ||
| 526 | _aP121 | ||
| 526 | _aP116 | ||
| 526 | _a P114 | ||
| 526 | _aP112 | ||
| 526 | _aP111 | ||
| 526 | _aP104 | ||
| 526 | _aP103 | ||
| 526 | _aP102 | ||
| 526 | _aP101 | ||
| 526 | _aP100 | ||
| 526 | _aP96 | ||
| 526 | _aP95 | ||
| 526 | _aP93 | ||
| 526 | _aP92 | ||
| 526 | _aP91 | ||
| 526 | _aP88 | ||
| 526 | _aP83 | ||
| 526 | _aP82 | ||
| 526 | _aP79 | ||
| 526 | _aP78 | ||
| 526 | _aP75 | ||
| 526 | _aP74 | ||
| 526 | _aP71 | ||
| 526 | _aP69 | ||
| 526 | _a P51 | ||
| 526 | _aP49 | ||
| 526 | _aP48 | ||
| 526 | _aP47 | ||
| 526 | _aP33 | ||
| 526 | _aP31 | ||
| 526 | _a P30 | ||
| 526 | _aP29 | ||
| 526 | _aP27 | ||
| 526 | _aP26 | ||
| 526 | _aP25 | ||
| 526 | _aP24 | ||
| 526 | _a P22 | ||
| 526 | _aP10 | ||
| 526 | _aP09 | ||
| 526 | _a P08 | ||
| 526 | _aP06 | ||
| 526 | _aP05 | ||
| 526 | _aP04 | ||
| 526 | _aP01 | ||
| 650 | 0 | 4 |
_aRelaciones públicas _v Estudio de casos _z España. |
| 700 | 1 |
_aMatilla, Kathy, _ecoord. |
|
| 910 |
_ajck _bncf _cncf _d20170710 |
||
| 942 |
_2ddc _cBOOK |
||
| 994 |
_aC0 _bPEPRU |
||
| 596 | _a1 | ||
| 999 |
_a659.2 C3 _wDEWEY _c24598 _i76546 _d24598 _e2018-6-1 _f2021-11-8 _g5 _lCCODEBUL1 _mBUL _n1 _p64.24 _q2 _r0 _sY _tBOOK _u2017-7-10 _xFCE _zP04 _o.STAFF. Colección Ciencias Empresariales |
||
| 980 |
_81 _gALBERTO SANCHEZ Responsable de Automatización |
||